Countries I've Visited- Sudden Death - Statistics

General Stats
  • This quiz has been taken 19 times
  • The average score is 6 of 13
Answers on the Grid
Answers color-coded by a green-red scale on the quiz's grid according to % correct below.
Australia
Brazil
Canada
Colombia
Egypt
France
Japan
Mexico
New Zealand
Nigeria
Peru
South Africa
Sweden
Thailand
United States of America
(I just had to add this wrong answer)
 
Answer Stats
Answer % Correct
Canada
69%
Australia
63%
Brazil
56%
New Zealand
50%
France
44%
Mexico
44%
Sweden
44%
Japan
38%
South Africa
38%
Thailand
38%
Nigeria
31%
Peru
31%
Egypt
25%
No matching quizzes found
Score Distribution
Percent of People with Each Score
Percentile by Number Answered
Your Score History
You have not taken this quiz